Normal view
MARC view
- Comte-Sponville, André,
Entry Nombre Personal
001 - NUMERO DE CONTROL
- campo de control: 34043
003 - IDENTIFICADOR DE NUMERO DE CONTROL
- campo de control: UPN
005 - FECHA Y HORA DE LA ÜLTIMA TRANSACCIÓN
- campo de control: 20210219194448.0
008 - DATOS DE LONGITUD FIJA
- campo de control de longitud fija: nabaccnnaabn|||||||||| b |nc|||||d
035 ## - NUMERO DE CONTROL
- Número de control: UPN11000006150
040 ## - FUENTE DE CATALOGACIÓN
- Lenguaje de catalogación: SPA
- Agencia de transcripción: UPN
100 1# - ENCABEZAMIENTO - NOMBRE PERSONAL
- Nombre personal: Comte-Sponville, André,
- Fechas asociadas con el nombre: 1952-
670 ## - FUENTE EN LA QUE SE LOCALIZARON DATOS
- Cita de la fuente: T
- Uniform Resource Identifier: http://es.wikipedia.org/wiki/Andr%C3%A9_Comte-Sponville
680 ## - NOTA PUBLICA DE ACCESO PÚBLICO
- Frase explicativa de la referencia: Filósofo materialista, racionalista y humanista. Antiguo alumno de la Escuela Normal Superior de París (donde fue alumno y amigo de Louis Althusser)
902 ## - CATALOGADOR
- Catalogador: MCM/300813
